Estatísticas para Países que começam com G

Clique aqui para jogar o quiz

Estatísticas Gerais

  • Esse quiz foi jogado 4 584 vezes
  • A pontuação média é 8 de 11

Estatísticas das Respostas

País% Correto
Guiné
82%
Guatemala
81%
Grécia
81%
Guiana
81%
Gabão
75%
Gana
75%
Guiné-Bissau
75%
Guiné Equatorial
72%
Gâmbia
71%
Geórgia
66%
Granada
60%

Distribuição das Pontuações

Percentil de Números Respondidos

Porcentagem de Pessoas com Cada Pontuação

Sua Pontuação Histórica

Você não jogou esse quiz